Rebounding from childbirth : (Record no. 4237)
[ view plain ]
| 000 -LEADER | |
|---|---|
| fixed length control field | 00464cam a2200145 a 4500 |
| 020 ## - ISBN | |
| International Standard Book Number | 0897893484 (pb : alk. paper) : |
| Terms of availability | 1465 |
| 050 00 - LIBRARY OF CONGRESS CALL NUMBER | |
| Classification Number | RG852 |
| Item Number | .M33 1994 |
| 100 1# - MAIN ENTRY--Author | |
| Personal name | Madsen, Lynn. |
| 245 10 - TITLE | |
| Title | Rebounding from childbirth : |
| Remainder of title | toward emotional recovery / |
| Statement of responsibility, etc | Lynn Madsen. |
| 260 ## - PUBLICATION, DISTRIBUTION, ETC.(IMPRINT) | |
| Place of publication, distribution, etc | Westport, Conn. : |
| Name of publisher, distributor, etc | Bergin & Garvey, |
| Date of publication, distribution, etc | 1994. |
| 300 ## - PHYSICAL DESCRIPTION | |
| Extent | xxi, 166 p. ; |
| 650 #0 - SUBJECT--TOPIC | |
| General subdivision | Complications |
| -- | Psychological aspects. |
| 650 #0 - SUBJECT--TOPIC | |
| General subdivision | Psychological aspects. |
| 942 ## - ADDED ENTRY ELEMENTS(KOHA) | |
| Source of classification or shelving scheme | Library of Congress Classification |
| Koha item type | General circulation |
| Source of classification or shelving scheme | Not for loan | Location (home branch) | Sublocation (holding branch) | Shelving location | Date accessioned | Cost, normal purchase price | Full call number | Barcode | Cost, replacement price | Koha item type | Public note |
|---|---|---|---|---|---|---|---|---|---|---|---|
| Library of Congress Classification | Main Campus Library | Main Campus Library | 25/06/2015 | 1495.00 | RG852 .M33 1994 | 2015/000721 | 1995.00 | General circulation | amm |